| 000 | 01000nam a2200265Ia 4500 | ||
|---|---|---|---|
| 003 | OSt | ||
| 005 | 20221005045440.0 | ||
| 006 | a|||||r|||| 00| 0 | ||
| 007 | ta | ||
| 008 | 221004b |||||||| |||| 00| 0 eng d | ||
| 020 |
_a8188401072 _c150 |
||
| 024 | _a82985 | ||
| 037 |
_b071, 30/03/2005, The Independent Publishers Group _cTextual |
||
| 040 |
_aCRL _cCRL _beng |
||
| 041 |
_2eng _aeng |
||
| 082 | _aV55(W64N19).N45<---N19, P3 | ||
| 100 |
_aDobkowski Michael N. Ed. _9337561 |
||
| 245 | 0 | _aRadical perspective on the rise of fascism in Germany, 1919-1945 edited by Michael N. Dobkowski and Isidor Wallimann | |
| 260 |
_aKharagpur _bCornerstone Publications India _c2003 |
||
| 300 |
_a320p. _ccm. |
||
| 650 |
_aGERMAN - HISTORY _928569 |
||
| 700 |
_a Wallimann Isidor Ed. _9337562 |
||
| 942 |
_hV55(W64N19).N45<---N19, P3 _cTEXL _2cc |
||
| 999 |
_c955024 _d955024 |
||